000 00817nam a22002297a 4500
003 BUBTL
008 230215b ||||| |||| 00| 0 eng d
020 _a9780521406512
082 _a372.6'4044/ L456l/ 1993
100 _95192
_aLazar, Gillian
245 _aLiterature and Language Teaching:
_b A Guide for Teachers and Trainers/
_cGillian Lazar
250 _a1st Edn.
260 _aUnited Kingdom:
_bCambridge University Press,
_cc1993
300 _axiv, 268 p.:
_c21.5 cm
440 _95193
_aCambridge Teacher Training and Development
500 _aIncludes Index
505 _aLiterature and Language Teaching, Gillian Lazar, English Literature, English, Teachers and Trainers
650 0 _91994
_aEnglish Literature
856 _k0
_l0
_yDownload
942 _2ddc
_cBK
999 _c6952
_d6952